000
00273nam a22001217a 4500
008
171017b xxu||||| |||| 00| 0 eng d
041
_a
eng
080
_a
338
100
_a
53
101
_a
MEN
245
_a
HANDBOOK FOR DIGITAL PROJECT
_c
SITTS.M.K
942
_2
udc
_c
BK
999
_c
34514
_d
34514